Pharaos Kindheit, Pharao als Kind : ein soziokultureller Beitrag zum Königtum im Neuen Reich /

Accompanying CD-ROM contains Katalog (631 pages) in Adobe Acrobat.

Saved in:

Main Author: Hardekopf, Stefanie (Author)

Format: Book

Language: German

Published: Hildesheim : Verlag Gebrüder Gerstenberg, 2022.

Series: Hildesheimer ägyptologische Beiträge ; 56.

Subjects:

Tags: Add Tag

No Tags, Be the first to tag this record!

Call Number: DT57 .H53 v.56

LEADER 02117nam a22005417a 4500
003 OSt
005 20260504073949.0
008 260504t20222022gw a b 001 0 ger d
010 |a  2022496590 
020 |a 9783806788587  |q (hardbound) 
020 |a 3806788588  |q (hardbound) 
024 3 |a 9783806788587 
035 |a 22758398 
035 |a (OCoLC)1337993718 
040 |a OHX  |b eng  |e rda  |c OHX  |d CGU  |d ZYU  |d JHE  |d PAU  |d UBY  |d CNUTO  |d OCLCQ  |d OCL  |d OCLCO  |d OCLCL  |d DLC 
042 |a lccopycat 
043 |a f-ua--- 
050 1 4 |a DT57  |b .H53 v.56 
072 7 |a DT  |2 lcco 
072 7 |a HQ  |2 lcco 
100 1 |a Hardekopf, Stefanie,  |e author. 
245 1 0 |a Pharaos Kindheit, Pharao als Kind :  |b ein soziokultureller Beitrag zum Königtum im Neuen Reich /  |c Stefanie Hardekopf. 
246 3 0 |a Soziokultureller Beitrag zum Königtum im Neuen Reich 
264 1 |a Hildesheim :  |b Verlag Gebrüder Gerstenberg,  |c 2022. 
264 4 |c ©2022 
300 |a 431 pages :  |b illustrations (some color) ;  |c 30 cm +  |e 1 CD-ROM (4 3/4 in.) 
336 |a text  |b txt  |2 rdacontent 
337 |a unmediated  |b n  |2 rdamedia 
337 |a computer  |2 rdamedia  |b n 
338 |a volume  |b nc  |2 rdacarrier 
338 |a computer disc  |2 rdacarrier  |b n 
490 1 |a Hildesheimer Ägyptologische Beiträge ;  |v 56 
500 |a Revised thesis (doctoral)--Ruprecht-Karls-Universität Heidelberg, 2015. 
504 |a Includes bibliographical references (pages 366-404) and index. 
520 |a Accompanying CD-ROM contains Katalog (631 pages) in Adobe Acrobat. 
650 0 |a Kings and rulers  |x Children. 
650 0 |a Children  |z Egypt. 
650 7 |a Kings and rulers  |x Children  |2 fast 
650 7 |a Children  |2 fast 
650 7 |a Kings and rulers  |2 fast 
651 0 |a Egypt  |x Kings and rulers. 
651 7 |a Egypt  |2 fast  |1 https://id.oclc.org/worldcat/entity/E39QbtfRDwpX7XgppvP7ww3J9c 
830 0 |a Hildesheimer ägyptologische Beiträge ;  |v 56. 
906 |a 0  |b ibc  |c copycat  |d 3  |e ncip  |f 20  |g y-gencatlg 
942 |2 lcc  |c BK 
955 |b fd21 2025-03-03 z-processor 
955 |a ve21 2022-08-19  |a fd10 2022-10-19  |a fd00 2022-11-02 to GS/GER 
999 |c 62216  |d 62216